000
00297nam a22001457a 4500
008
210322b ||||| |||| 00| 0 eng d
020
_a
2901307079875
041
_a
eng
080
_a
615.83
082
_a
615.83
100
_a
8
101
_a
EGZ
245
_a
Wellness
_c
NFSC
942
_2
udc
_c
BK
999
_c
56660
_d
56660